| 000 | 00505nam a2200145 i 4500 | ||
|---|---|---|---|
| 001 | 50162 | ||
| 003 | ES-MaACL | ||
| 007 | t| | ||
| 008 | 030731s1984 sp ||||1| spa d | ||
| 245 | 0 | 0 |
_aCrónica latina de los Reyes de Castilla / _cintroducción, texto crítico, traducción, notas e índices de Luis Charlo Brea. |
| 260 |
_aCádiz : _bServicio de Publicaciones de la Universidad, _c1984. |
||
| 300 |
_a126 p. ; _c21 cm. |
||
| 700 | 1 |
_aCharlo Brea, Luis. _938089 |
|
| 852 |
_aES-MaACL _jL-7796 _bR.106795 |
||
| 999 |
_c50162 _d50162 |
||